Svět duchů a posmrtný stav člověka /

Hlavní autor: Swedenborg, Emanuel, 1688-1772
Další autoři: Máchová, Lenka, Buchta, Jan, 1977-
Jazyk: Čeština
Vydáno: Frýdek-Místek : Lenka Máchová, 2009
Vydání: Vyd. 1.
Témata:
Fyzický popis: 159 s. : il. ; 16 cm
Knihy
Uloženo v:
LEADER 01912nam a2200553 a 4500
001 nkc20091861792
003 CZ PrNK
005 20241111133958.0
007 ta
008 090316s2009 xr a e 000 0 cze
015 |a cnb001861792 
020 |a 978-80-254-4186-2  |q (brož.) 
035 |a (OCoLC)436260440 
040 |a OLA001  |b cze  |d ABA001 
041 1 |a cze  |h lat 
072 7 |a 2  |x Náboženství  |2 Konspekt  |9 5 
080 |a 2-187  |2 MRF 
080 |a 2-188.5  |2 MRF 
080 |a 2-188.7  |2 MRF 
080 |a 279.27-1/-9  |2 MRF 
080 |a 2-664.3  |2 MRF 
080 |a (049)  |2 MRF 
100 1 |a Swedenborg, Emanuel,  |d 1688-1772  |7 jn19981002179  |4 aut 
240 1 0 |a De coelo et ejus mirabilibus, et de inferno, ex auditis & visis.  |l Česky 
245 1 0 |a Svět duchů a posmrtný stav člověka /  |c Emanuel Swedenborg ; [přeložila Lenka Máchová ; ilustrace Jan Buchta] 
250 |a Vyd. 1. 
260 |a Frýdek-Místek :  |b Lenka Máchová,  |c 2009 
300 |a 159 s. :  |b il. ;  |c 16 cm 
500 |a Přeloženo z latiny 
504 |a Obsahuje bibliografické odkazy 
650 0 7 |a posmrtný život  |7 ph115824  |2 czenas 
650 0 7 |a nebe  |7 ph138468  |2 czenas 
650 0 7 |a peklo  |7 ph124022  |2 czenas 
650 0 7 |a učení swedenborgiánů  |7 ph255081  |2 czenas 
650 0 7 |a synkretismus (náboženství)  |7 ph138309  |2 czenas 
650 0 9 |a life after death  |2 eczenas 
650 0 9 |a heaven  |2 eczenas 
650 0 9 |a hell  |2 eczenas 
650 0 9 |a doctrine of Swedenborgians  |2 eczenas 
650 0 9 |a syncretism (religion)  |2 eczenas 
655 7 |a pojednání  |7 fd133056  |2 czenas 
655 9 |a essays  |2 eczenas 
700 1 |a Máchová, Lenka  |7 ola2004228815  |4 trl 
700 1 |a Buchta, Jan,  |d 1977-  |7 ola2002153630  |4 ill 
910 2 |a BOA001  |b 1-1227.521 
990 |a BK 
995 |a 01 
991 |b 200908  |c NOV 
996 6 |b 2610384817  |c 1-1227.521  |l MZK  |r Sklad / do 1 hodiny  |n 5  |p p.v.  |w 001092359  |u 000010  |a 1  |e BOA001  |j MZK50  |s P